Efektywnosc inwestycji nieprodukcyjnych. Zasady pomiaru.
Metódy merania efektívnosti nevýrobných investícií. Zásady hodnotenia efektívnosti investícií v oblasti služieb spoločenských ponúk. Zásady hodnotenia ekonomickej efektívnosti oblasti spoločenských služieb - náčrt metodiky. Všeobecné zásady. Výpočet efektívnosti nových investícií. Úžitkové efekty. P...
Na minha lista:
| Autor principal: | |
|---|---|
| Formato: | Capítulo de Livro |
| Idioma: | polonês |
| Assuntos: | |
| Tags: |
Sem tags, seja o primeiro a adicionar uma tag!
|
MARC
| LEADER | 00000naa a2200000 4500 | ||
|---|---|---|---|
| 001 | r002721 | ||
| 005 | 20220819193858.0 | ||
| 041 | 0 | |a pol | |
| 044 | |a PL | ||
| 245 | 1 | 0 | |a Efektywnosc inwestycji nieprodukcyjnych. Zasady pomiaru. |c L. Juchniewicz |
| 520 | |a Metódy merania efektívnosti nevýrobných investícií. Zásady hodnotenia efektívnosti investícií v oblasti služieb spoločenských ponúk. Zásady hodnotenia ekonomickej efektívnosti oblasti spoločenských služieb - náčrt metodiky. Všeobecné zásady. Výpočet efektívnosti nových investícií. Úžitkové efekty. Prevádzkové náklady. Vzorec výpočtu efektívnosti. Opisová časť hodnotenia efektívnosti. Kritéria a výber realizačných variantov. | ||
| 610 | 2 | 0 | |a investície nevýrobné |
| 610 | 2 | 0 | |a efektívnosť investícií |
| 610 | 2 | 0 | |a efektívnosť investícií ekonomická |
| 610 | 2 | 0 | |a náklady prevádzkové |
| 610 | 2 | 0 | |a služby |
| 610 | 2 | 0 | |a metodika |
| 100 | 1 | |a Juchniewicz, L. | |